000 00530nam a2200169 a 4500
005 20140412111301.0
008 001111s19uu xx 00 eng d
020 _a0-02-717286-4
050 _aER
_bIm1 1990
100 _aCarlstrom, Nancy White
245 _aI'm not moving, Mama! /
_cNancy White Carlstrom; illustrated by Thor Wickstrom.
260 _aNew York :
_bMacmillan,
_c1990.
300 _a1 v. (unp.) ; col. ; ill.
650 _aMoving household -- Fiction
650 _aMother and child -- Fiction
999 _c103424
_d103424